00412nam a22001337a 4500003000500000038001800005082000800023100001700031245009100048264003300139650001800172700003100190856005700221NUST aNusrat Nadeem a200 aGhani, Usman aRipples of Ruin; Household Consumption in the Wake of Massive Flooding/cUsman Ghani,  aIslamabad:SS3H NUST,c2026. aMS-Economics  aSupervisor: Dr. Hira Iqbal uhttp://10.250.8.41:8080/xmlui/handle/123456789/57875